Abousability as a temperamental trait: Construct validation (Record no. 87947)
[ view plain ]
| 000 -LEADER | |
|---|---|
| fixed length control field | 00334nam a2200133Ia 4500 |
| 008 - FIXED-LENGTH DATA ELEMENTS--GENERAL INFORMATION | |
| fixed length control field | 230917s9999||||xx |||||||||||||| ||und|| |
| 040 ## - CATALOGING SOURCE | |
| -- | 96144 |
| Original cataloging agency | VIVEKANANDA LIBRARY |
| 041 ## - Language | |
| -- | English |
| 082 ## - DDC NUMBER | |
| Classification number | 150 B321A |
| 100 ## - MAIN ENTRY--PERSONAL NAME | |
| Personal name | Batra, Anjali |
| 245 #0 - TITLE STATEMENT | |
| Title | Abousability as a temperamental trait: Construct validation |
| 300 ## - PHYSICAL DESCRIPTION | |
| Pages | 191 p. |
| 942 ## - ADDED ENTRY ELEMENTS (KOHA) | |
| Koha item type | Thesis |
| Withdrawn status | Lost status | Damaged status | Not for loan | Location (home branch) | Sublocation or collection (holding branch) | Date acquired | Koha issues (times borrowed) | Koha full call number | Accession No. | Koha date last seen | Koha item type |
|---|---|---|---|---|---|---|---|---|---|---|---|
| VIVEKANANDA LIBRARY | VIVEKANANDA LIBRARY | 08/08/2003 | 150 B321A | 168200 | 17/09/2023 | Thesis |
